| 000 | 00606nam a2200205Ia 4500 | ||
|---|---|---|---|
| 001 | 9633 | ||
| 003 | GE_BSU | ||
| 008 | 181216s||||||||xx |||||||||||||| ||und|| | ||
| 040 | _cGE_BSU | ||
| 080 | _a821.353.1–1 | ||
| 100 | _aმარგიანი,რევაზ | ||
| 245 | _aრიჰას შემდეგ | ||
| 245 | _cრედ.ნ.ხომერიკი, მხატვ.ნ.ჭურღულია | ||
| 260 | _aთბილისი | ||
| 260 | _bმერანი | ||
| 260 | _c1986 | ||
| 300 | _a247გვ.20სმ. | ||
| 653 | _aრიჰას შემდეგ | ||
| 942 | _cBK | ||
| 999 |
_c42917 _d42917 |
||